Movies by Picture - T - Statistics

General Stats
  • This quiz has been taken 634 times
  • The average score is 12 of 16
Answer Stats
Picture Answer % Correct
Titanic
99%
Thor
98%
Ted
95%
Top Gun
93%
Transformers
93%
Twilight
89%
The Terminator
86%
The Truman Show
81%
Tron
69%
Taken
63%
Taxi Driver
62%
The Theory of Everything
52%
Tropic Thunder
51%
Tomb Raider
46%
Thelma & Louise
45%
Trainspotting
44%
No matching quizzes found
Score Distribution
Percent of People with Each Score
Percentile by Number Answered
Your Score History
You have not taken this quiz